| 000 | 00936cam a2200301 a 4500 | ||
|---|---|---|---|
| 001 | 15885 | ||
| 003 | BD-RjUL | ||
| 005 | 20211208235914.0 | ||
| 008 | 140211s1982 njua b 001 0 eng | ||
| 020 | _a0136513980 : | ||
| 035 | _a(BD-RjUL)15940 | ||
| 040 |
_aDLC _cDLC _dDLC _dBD-RjUL _beng |
||
| 041 | _aeng | ||
| 082 | 0 | 0 |
_a658.314 _219 _bLEP 1982 |
| 100 | 1 |
_aLehrer, Robert N. _949255 |
|
| 245 | 1 | 0 |
_aParticipative productivity and quality of work life / _cRobert N. Lehrer. |
| 260 |
_aEnglewood Cliffs, N.J. : _bPrentice-Hall, _cc1982. |
||
| 300 |
_axiv, 384 p. : _bill. ; _c24 cm. |
||
| 504 | _aIncludes bibliographies and index. | ||
| 650 | 0 |
_aIndustrial management. _949256 |
|
| 650 | 0 |
_aProblem solving. _949257 |
|
| 650 | 0 |
_aIndustrial productivity. _99251 |
|
| 650 | 0 |
_aMethods engineering. _949258 |
|
| 650 | 0 |
_aQuality of work life. _942144 |
|
| 942 |
_2ddc _cBK |
||
| 999 |
_c15885 _d15885 |
||